Sports Quiz

Random Sports or NFL Quiz

NFL Top Receiving Tight Ends Quiz Stats

 Plays Quiz Updated Jan 4, 2021

     
Support Sporcle.
Go Orange.
Score 0/24 Timer 06:00
6 Plays Today
Career Player % Correct
2010-2020Rob Gronkowski
93.9%
1997-2013Tony Gonzalez
89.6%
2003-2018Antonio Gates
81.5%
2003-2020Jason Witten
78.9%
2013-2020Travis Kelce
75.9%
2010-2020Jimmy Graham
62.3%
1990-2003Shannon Sharpe
53.6%
2013-2020Zach Ertz
52.5%
1979-1987Kellen Winslow
49.8%
2007-2020Greg Olsen
44.3%
2006-2019Vernon Davis
44%
2005-2015Heath Miller
43%
Career Player % Correct
2003-2013Dallas Clark
41%
1961-1972Mike Ditka
35.1%
1963-1978Jackie Smith
31.6%
2006-2019Delanie Walker
29.7%
2002-2011Jeremy Shockey
29%
2009-2020Jared Cook
25.7%
1978-1990Ozzie Newsome
24.2%
2004-2019Ben Watson
23.7%
2001-2012Todd Heap
20.7%
1979-1988Todd Christensen
8.2%
1982-1994Steve Jordan
6.3%
1972-1983Riley Odoms
2.9%

From the Vault

Crossword Blackout! VIII

by hockeystix3

You could say these letters are on the Blacklist.
Remove Ads.
Support Sporcle.
Get the best of Sporcle when you Go Orange. This ad-free experience offers more features, more stats, and more fun while also helping to support Sporcle. Thank you for becoming a member.

Show Comments

Extras

Top Quizzes Today


Score Distribution

Your Account Isn't Verified!

In order to create a playlist on Sporcle, you need to verify the email address you used during registration. Go to your Sporcle Settings to finish the process.

Report this User

Report this user for behavior that violates our Community Guidelines.

Details: